000 01473namaa22003371i 4500
005 20260517110616.0
008 260423s1995 ua a|||frm||| 000 0 eng d
040 _aEG-GICUC
_beng
_cEG-GICUC
_dEG-GICUC
_erda
041 0 _aeng
_beng
_bara
049 _aDeposit
097 _aPh.D
099 _aCai01.19.03.Ph.D.1995.Na.R.
100 0 _aNabila Mahmoud Ismail,
_epreparation.
245 1 0 _aRole Of Tumour Markers In Diagnosis And Prognosis OF Cancer Bladder /
_cBy Nabila Mahmoud Ismail; Supervised By Prof.Dr. Dalal Hindawi, Prof. Dr. Fathia Aboul-Ela, Prof.Dr. Samia Y. Akel, Prof.Dr. Mohamed A. EL-Bedini.
246 1 5 _aدور دلالات الأورام في تشخيص وتتبع سرطان المثانة
264 0 _c1995.
300 _a217 Leaves :
_billustrations ;
_c30 cm. +
336 _2rda content
_atext
337 _2rdamedia
_aUnmediated
338 _2rdacarrier
_avolume
502 _aThesis (Ph.D)-Cairo University, 1995.
504 _aBibliography: pages 184-217.
653 0 _aClinical Pathology
700 0 _aDalal Hindawi
_ethesis advisor.
700 0 _aFathia Aboul-Ela
_ethesis advisor.
700 0 _aSamia Y. Akel
_ethesis advisor.
700 0 _aMohamed A. EL-Bedini
_ethesis advisor.
900 _DDepartment of Clinical Pathology
_FFaculty of Cancer Institute
_UCairo University
_b1995
_cDalal Hindawi
_cFathia Aboul-Ela
_cSamia Y. Akel
_cMohamed A. EL-Bedini
905 _aEman El gebaly
_eNourhan
942 _2ddc
_cTH
_e21
_n0
999 _c179694